Incidencias en el aprendizaje de dribling con desplazamiento durante la práctica deportiva de baloncesto en los estudiantes de 4to grado de secuendaria del Liceo Emmanuel, Distrito Educativo 10-06, Santo Domingo Este, año escolar 2019-2020 / (Record no. 12625)

MARC details
000 -LEADER
campo de control de longitud fija 01281nam a2200265 4500
003 - IDENTIFICADOR DE NÚMERO DE CONTROL
campo de control DO-SdUA
005 - FECHA Y HORA DE LA ÚLTIMA TRANSACCIÓN
campo de control 20250325093535.0
008 - DATOS DE LONGITUD FIJA--INFORMACIÓN GENERAL
campo de control de longitud fija s2020 dr a|| |||| 0 |a||0|spa d
040 ## - FUENTE DE CATALOGACIÓN
Centro catalogador/agencia de origen DO-SdUA
Lengua de catalogación spa
Centro/agencia transcriptor DO-SdUA
041 0# - CÓDIGO DE IDIOMA
Código de lengua del texto/banda sonora o título independiente spa
092 ## - ASIGNACIÓN LOCAL DE SIGNATURA TOPOGRÁFICA DEWEY (OCLC)
Número de clasificación MA-EFD 0052 FCE 2020
100 1# - ENTRADA PRINCIPAL--NOMBRE DE PERSONA
Nombre de persona Paulino Rosario, Edwin
245 10 - MENCIÓN DEL TÍTULO
Título Incidencias en el aprendizaje de dribling con desplazamiento durante la práctica deportiva de baloncesto en los estudiantes de 4to grado de secuendaria del Liceo Emmanuel, Distrito Educativo 10-06, Santo Domingo Este, año escolar 2019-2020 /
Mención de responsabilidad, etc. Edwin Paulino Rosario.
260 ## - PUBLICACIÓN, DISTRIBUCIÓN, ETC.
Lugar de publicación, distribución, etc. Santo Domingo :
Nombre del editor, distribuidor, etc. UASD,
Fecha de publicación, distribución, etc. 2020.
300 ## - DESCRIPCIÓN FÍSICA
Extensión 73 h. :
Otras características físicas il.
502 ## - NOTA DE TESIS
Nota de tesis Tesis y Trabajo de Grado (Maestría en Gestión de la Educación Física y el Deporte)--Universidad Autónoma de Santo Domingo, Santo Domingo, 2020.
504 ## - NOTA DE BIBLIOGRAFÍA, ETC.
Nota de bibliografía, etc. Nota Incluye referencias bibliográficas y anexos.
530 ## - NOTA DISPONIBLE DE FORMULARIO FÍSICO ADICIONAL
Nota de formato físico adicional disponible También disponible en CD-ROM (CD MA-EFD 0052 FCE 2020).
650 #7 - PUNTO DE ACCESO ADICIONAL DE MATERIA--TÉRMINO DE MATERIA
Fuente del encabezamiento o término lemb
9 (RLIN) 51123
Término de materia o nombre geográfico como elemento de entrada Baloncesto
Subdivisión general Enseñanza
650 #7 - PUNTO DE ACCESO ADICIONAL DE MATERIA--TÉRMINO DE MATERIA
Fuente del encabezamiento o término lemb
9 (RLIN) 52988
Término de materia o nombre geográfico como elemento de entrada Deportes escolares
650 #7 - PUNTO DE ACCESO ADICIONAL DE MATERIA--TÉRMINO DE MATERIA
Fuente del encabezamiento o término lemb
9 (RLIN) 10569
Término de materia o nombre geográfico como elemento de entrada Educación secundaria
651 #0 - PUNTO DE ACCESO ADICIONAL DE MATERIA--NOMBRE GEOGRÁFICO
9 (RLIN) 58033
Nombre geográfico Municipio Santo Domingo Este
Subdivisión cronológica 2019-2020
830 ## - PUNTO DE ACCESO ADICIONAL DE SERIE-TÍTULO UNIFORME
Título uniforme Tesis y disertaciones académicas (Universidad Autónoma de Santo Domingo)
942 ## - ELEMENTOS DE ENTRADA SECUNDARIOS (KOHA)
Fuente de la clasificación o esquema de estantería
Tipo de ítem Koha
Suprimir en OPAC No

No items available.

© 2024. Todos los Derechos Reservados. Desarrollado por IDEICE